• 首页
  • 本馆介绍
  • 公告通知
  • 最新文献
  • 馆藏检索
  • 电子资源
  • 读者导购
  • 参考咨询
  • 我的图书馆
  • 登录
  • 详细信息显示
  • 放入我的书架
  • 预约/预借图书
  • 作者相关作品
  • 分类相关作品
  • 丛书相关作品
  • 出版社相关作品

书目信息

  • 表格格式
  • 工作单格式
  • 卡片格式
题名:
阅读策略与技巧
    
 
作者: 王增奎 主编
分册:  
出版信息: 北京   中国大百科全书出版社  1993
页数: 309页
开本: 19cm
丛书名:
单 册:
中图分类: G79 , G019
科图分类:
主题词: 读书方法 , 文化理论
电子资源:
ISBN: 7-5000-5118-2
000 00692nam0 2200241 450
001 1554943051
005 20150118151611.14
010    @a7-5000-5118-2@dCNY5.80
100    @a20021005d1993 em y0chiy0110 ea
101 0  @achi
102    @aCN@b110000
105    @ay z 000yy
200 1  @a阅读策略与技巧@9yue du ce lue yu ji qiao@f王增奎等主编
210    @a北京@c中国大百科全书出版社@d1993
215    @a309页@d19cm
330    @a本书介绍了有关现代人阅读的36个策略,分为战略篇、方法篇、技巧篇、文体篇。
606 0  @a读书方法
606 0  @a文化理论
690    @aG79@v5
690    @aG019@v4
701  0 @a王增奎@9wang zeng kui@4主编
801  0 @aCN@bTSSF@c20150118
905    @aZUCC@dG019@eJY1
    
    阅读策略与技巧/王增奎等主编.-北京:中国大百科全书出版社,1993
    309页;19cm
    
    
    ISBN 7-5000-5118-2:CNY5.80
    本书介绍了有关现代人阅读的36个策略,分为战略篇、方法篇、技巧篇、文体篇。
●
相关链接 在E读中查询图书 在五车中查询图书 在当当中查询图书 在豆瓣中查询图书


正题名:阅读策略与技巧     索取号:G019/JY1         预约/预借

序号 登录号 条形码 馆藏地/架位号 状态 备注
1 7849128   278491286   学院路分馆/ [索取号:G019/JY1] 在馆    
2 7849129   278491295   学院路分馆/ [索取号:G019/JY1] 在馆    
唐山师范学院图书馆 欢迎您!
大连网信软件有限公司© 版权所有